|
|
|
|
| LEADER |
01073cam a2200349 i 4500 |
| 001 |
000046456 |
| 003 |
5926 |
| 005 |
20041029083512.0 |
| 008 |
010220b1998 vm 000 eng |
| 020 |
|
|
|a 0750637536
|
| 040 |
|
|
|a IRC
|c IRC
|d IRC
|
| 041 |
0 |
|
|a eng
|
| 082 |
1 |
4 |
|a 690
|b CH-R
|
| 100 |
1 |
|
|a Chudley, R.
|q (Roy)
|
| 245 |
1 |
0 |
|a Building construction handbook /
|c R. Chudley.
|
| 250 |
|
|
|a 3rd ed.
|
| 260 |
|
|
|a Oxford ; Boston :
|b Butterworth-Heinemann,
|c 1998.
|
| 300 |
|
|
|a 608 p. :
|b ill., plans.
|
| 630 |
0 |
4 |
|a Building.
|
| 650 |
0 |
4 |
|a Building
|v Handbooks, manuals, etc.
|
| OWN |
|
|
|a DUT
|
| AVA |
|
|
|a UDN50
|b DUT
|c Book
|d 690 CH-R
|e available
|t Error 5001 Not defined in file expand_doc_bib_avail.
|f 1
|g 0
|h N
|i 0
|j SH
|k 1
|
| 999 |
|
|
|a From the UDN01
|
| AVA |
|
|
|a UDN50
|b DUT
|c Book
|d 690 CH-R
|e available
|t Error 5001 Not defined in file expand_doc_bib_avail.
|f 1
|g 0
|h N
|i 0
|j SH
|k 1
|
| TYP |
|
|
|a Monograph
|
| TYP |
|
|
|a Printed language
|
| 980 |
|
|
|a Mạng thư viện Đại học Đà Nẵng
|